| 000 | 00770nam a2200217 a 4500 | ||
|---|---|---|---|
| 999 |
_c7722 _d7722 |
||
| 001 | 7722 | ||
| 003 | BD-JhCC | ||
| 005 | 20180213122424.0 | ||
| 008 | 180127s1976 bg |||| |||| 000 0 ben d | ||
| 035 | _a(BD-JhCC) 7722 | ||
| 040 |
_aBD-JhCC _dBD-JhCC |
||
| 041 | _aben | ||
| 082 |
_a950.2 _bAHM 1976 |
||
| 100 | _aআহমেদ, আশরাফউদ্দিন | ||
| 245 |
_aমধ্যযুগের মুসলিম ইতিহাস (১২৫৮-১৮০০) / _bআশরাফউদ্দিন আহমেদ |
||
| 260 |
_aঢাকা : _bবাংলা একাডেমী , _c১৯৭৬. |
||
| 300 |
_a৫৫৯ পৃ : _c২২ সেমি. |
||
| 650 |
_aHistory of Muslim _yMediae Ages |
||
| 942 |
_2ddc _cBK |
||